<?xml version="1.0" encoding="UTF-8"?>
<record
    xmlns:xsi="http://www.w3.org/2001/XMLSchema-instance"
    xsi:schemaLocation="http://www.loc.gov/MARC21/slim http://www.loc.gov/standards/marcxml/schema/MARC21slim.xsd"
    xmlns="http://www.loc.gov/MARC21/slim">

  <leader>01050nam a2200169Ia 4500</leader>
  <controlfield tag="008">120622s9999    xx            000 0 und d</controlfield>
  <datafield tag="020" ind1=" " ind2=" ">
    <subfield code="a">968-5217-03-3</subfield>
  </datafield>
  <datafield tag="082" ind1=" " ind2=" ">
    <subfield code="a">362.29910972 A65m</subfield>
  </datafield>
  <datafield tag="100" ind1=" " ind2=" ">
    <subfield code="a">Alpizar Ram&#xED;rez, Graciela</subfield>
  </datafield>
  <datafield tag="245" ind1=" " ind2=" ">
    <subfield code="a">Mujer y drogas / Graciela Alpizar Ram&#xED;rez [et al.] ; Kena Moreno coordinadora de la obra ; Jos&#xE9; Luis Cuevas ilustrador</subfield>
  </datafield>
  <datafield tag="260" ind1=" " ind2=" ">
    <subfield code="a">M&#xE9;xico : Centros de Integraci&#xF3;n Juvenil, A.C.</subfield>
  </datafield>
  <datafield tag="300" ind1=" " ind2=" ">
    <subfield code="a">ix, 262 p</subfield>
  </datafield>
  <datafield tag="500" ind1=" " ind2=" ">
    <subfield code="a">Incluye bibliograf&#xED;a p. 249</subfield>
  </datafield>
  <datafield tag="505" ind1=" " ind2=" ">
    <subfield code="a">La construcci&#xF3;n de g&#xE9;nero.- Adicciones y g&#xE9;nero.- El doble estigma de la mujer.- La familia.- Familia, g&#xE9;nero y adicciones.- Violencia familiar.- Recomendaciones para los padres o responsables de los hijos.-</subfield>
  </datafield>
  <datafield tag="650" ind1=" " ind2=" ">
    <subfield code="a">DROGAS Y MUJERES - M&#xC9;XICO\ \  \ MUJERES - CONSUMO DE DROGAS - M&#xC9;XICO\ \ ABUSO DE DROGAS\ \ VIOLENCIA INTRAFAMILIAR\ \ ROLES SEXUALES</subfield>
  </datafield>
  <datafield tag="700" ind1=" " ind2=" ">
    <subfield code="a">Fern&#xE1;ndez C&#xE1;ceres, C&#xE1;rmen ;coaut.\  G&#xF3;mez Mart&#xED;nez, Patricia  ;coaut.\ Sandoval Quintero, Luis Jes&#xFA;s ; coaut.\ Moreno, Kena ; coord.\Cuevas, Jos&#xE9; Luis ; ilus.&#xCC;</subfield>
  </datafield>
  <datafield tag="952" ind1=" " ind2=" ">
    <subfield code="0">0</subfield>
    <subfield code="1">0</subfield>
    <subfield code="4">0</subfield>
    <subfield code="7">0</subfield>
    <subfield code="a">01</subfield>
    <subfield code="b">01</subfield>
    <subfield code="d">2012-04-21</subfield>
    <subfield code="l">1</subfield>
    <subfield code="o">362.29910972 A65M</subfield>
    <subfield code="p">01 013167</subfield>
    <subfield code="r">2013-03-12</subfield>
    <subfield code="s">2013-03-12</subfield>
    <subfield code="t">1</subfield>
    <subfield code="w">2012-06-24</subfield>
    <subfield code="y">LB</subfield>
  </datafield>
  <datafield tag="952" ind1=" " ind2=" ">
    <subfield code="0">0</subfield>
    <subfield code="1">0</subfield>
    <subfield code="2">lcc</subfield>
    <subfield code="4">0</subfield>
    <subfield code="7">0</subfield>
    <subfield code="a">11</subfield>
    <subfield code="b">11</subfield>
    <subfield code="d">2015-04-29</subfield>
    <subfield code="l">2</subfield>
    <subfield code="o">HV5824.W6 A56 2004</subfield>
    <subfield code="p">11 011789</subfield>
    <subfield code="r">2025-04-07</subfield>
    <subfield code="s">2025-04-07</subfield>
    <subfield code="t">1</subfield>
    <subfield code="w">2015-04-29</subfield>
    <subfield code="y">LB</subfield>
  </datafield>
  <datafield tag="999" ind1=" " ind2=" ">
    <subfield code="c">61416</subfield>
    <subfield code="d">61416</subfield>
  </datafield>
</record>
